书目信息 |
| 题名: |
实验化学
|
|
| 作者: | 沙默 , 云圭 编译 | |
| 分册: | ||
| 出版信息: | 长沙 湖南教育出版社 1983 |
|
| 页数: | 245页 | |
| 开本: | 19cm | |
| 丛书名: | ||
| 单 册: | ||
| 中图分类: | O6-33 | |
| 科图分类: | ||
| 主题词: | 化学实验 | |
| 电子资源: | ||
| ISBN: | ||
| 000 | 00636nam0 2200253 45 | |
| 001 | 0183012154 | |
| 005 | 20040701165529.1 | |
| 010 | @dCNY0.62 | |
| 091 | @a13284.3 | |
| 100 | @a19950623d1983 em y0chiy0121 ea | |
| 101 | 0 | @achi |
| 102 | @aCN@b430000 | |
| 105 | @ay z 000yy | |
| 106 | @ar | |
| 200 | 10 | @a实验化学@Ashi yan hua xue@f沙默,云圭编译 |
| 210 | @a长沙@c湖南教育出版社@d1983 | |
| 215 | @a245页@d19cm | |
| 606 | 0 | @a化学实验 |
| 690 | @aO6-33@v3 | |
| 701 | 0 | @a沙默@Asha mo@4编译 |
| 701 | 0 | @a云圭@Ayun gui@4编译 |
| 801 | 0 | @aCN@b上海图书馆@c20040519 |
| 801 | 2 | @aCN@bNLC@c20040519 |
| 905 | @dO6-33@e148@f1@b122130 | |
| 实验化学/沙默,云圭编译.-长沙:湖南教育出版社,1983 |
| 245页;19cm |
| ISBN :CNY0.62 |
| ● |
| 相关链接 |
|
|
|
|
正题名:实验化学
索取号:O6-33/148
 
预约/预借
| 序号 | 登录号 | 条形码 | 馆藏地/架位号 | 状态 | 备注 |
| 1 | 0122129 | 000339324 | 第三借阅区/ [索取号:O6-33/148] | 在馆 | |
| 2 | 0122130 | 001944178 | 第三借阅区/ [索取号:O6-33/148] | 在馆 | |
| 3 | 0122131 | 000339342 | 第三借阅区/ [索取号:O6-33/148] | 在馆 | |
| 4 | 0122132 | 000339333 | 第三借阅区/ [索取号:O6-33/148] | 在馆 | |
| 5 | 0122133 | 202100500 | 第二样本阅览室/ [索取号:O6-33/148] | 在馆 |